| 000 | 00610nam a2200193Ia 4500 | ||
|---|---|---|---|
| 008 | 151119s9999||||xx |||||||||||||| ||und|| | ||
| 082 | _a30 | ||
| 082 | _bGKKV29378 | ||
| 100 | _a"गोखले, गो सी" | ||
| 245 | _aज्ञानसागरातील शिंपले | ||
| 260 | _a---- | ||
| 260 | _b- | ||
| 260 | _c1993 | ||
| 600 | _a"गोखले, गो सी" | ||
| 630 | _aज्ञानसागरातील शिंपले | ||
| 700 | _a"गोखले, गो सी" | ||
| 730 | _aज्ञानसागरातील शिंपले | ||
| 942 | _cBOOK | ||
| 999 |
_c1081739 _d1081736 |
||